A fine balance/ (Record no. 11649)
[ view plain ]
| 000 -LEADER | |
|---|---|
| fixed length control field | 00470nam a22001817a 4500 |
| 005 - DATE AND TIME OF LATEST TRANSACTION | |
| control field | 20230920115812.0 |
| 008 - FIXED-LENGTH DATA ELEMENTS--GENERAL INFORMATION | |
| fixed length control field | 230920b ||||| |||| 00| 0 eng d |
| 020 ## - INTERNATIONAL STANDARD BOOK NUMBER | |
| International Standard Book Number | 9780571218783 |
| 040 ## - CATALOGING SOURCE | |
| Original cataloging agency | IN-DiNC |
| Transcribing agency | IN-DiNC |
| 041 ## - LANGUAGE CODE | |
| Language code of sung or spoken text | English |
| 082 ## - DEWEY DECIMAL CLASSIFICATION NUMBER | |
| Classification number | 823 |
| Item number | MIS |
| 100 ## - MAIN ENTRY--PERSONAL NAME | |
| Personal name | Mistry, Rohinton |
| Relator term | Author |
| 245 ## - TITLE STATEMENT | |
| Title | A fine balance/ |
| Statement of responsibility, etc. | by Rohinton Mistry |
| 260 ## - PUBLICATION, DISTRIBUTION, ETC. | |
| Place of publication, distribution, etc. | London: |
| Name of publisher, distributor, etc. | Faber and faber limited, |
| Date of publication, distribution, etc. | 2004 |
| 300 ## - PHYSICAL DESCRIPTION | |
| Extent | 614p. |
| 650 ## - SUBJECT ADDED ENTRY--TOPICAL TERM | |
| Topical term or geographic name entry element | English novel |
| 942 ## - ADDED ENTRY ELEMENTS (KOHA) | |
| Source of classification or shelving scheme | Dewey Decimal Classification |
| Koha item type | Books |
| Withdrawn status | Lost status | Source of classification or shelving scheme | Damaged status | Not for loan | Collection code | Home library | Current library | Shelving location | Date acquired | Cost, normal purchase price | Total Checkouts | Full call number | Barcode | Date last seen | Copy number | Price effective from | Koha item type |
|---|---|---|---|---|---|---|---|---|---|---|---|---|---|---|---|---|---|
| Dewey Decimal Classification | English | Central Library, Naharkatiya College | Central Library, Naharkatiya College | General Stacks | 20/09/2023 | 599.00 | 823 MIS | 29381 | 20/09/2023 | 1 | 20/09/2023 | Books | |||||
| Dewey Decimal Classification | English | Central Library, Naharkatiya College | Central Library, Naharkatiya College | General Stacks | 20/09/2023 | 599.00 | 823 MIS | 29382 | 20/09/2023 | 2 | 20/09/2023 | Books |
